Normal view
MARC view
- National University of Sciences and Technology (Islāmābād, Pakistan)
Entry Corporate Name
001 - CONTROL NUMBER
- control field: 4252
003 - CONTROL NUMBER IDENTIFIER
- control field: NUST
005 - DATE AND TIME OF LATEST TRANSACTION
- control field: 20170825114913.0
008 - FIXED-LENGTH DATA ELEMENTS
- fixed length control field: 170825|| aca||aabn | a|a d
040 ## - CATALOGING SOURCE
- Original cataloging agency: NUST
- Transcribing agency: NUST
110 ## - HEADING--CORPORATE NAME
- Corporate name or jurisdiction name as entry element: National University of Sciences and Technology (Islāmābād, Pakistan)
670 ## - SOURCE DATA FOUND
- Source citation: Work cat.: (NUST)0: Bazmi, Aslam, author. 4250, Our Quaid :
